[Event "Olimpiada Dresden 2008 Femenina"]
[Site "Dresden GER"]
[Date "2008.11.13"]
[Round "1.1"]
[White "Kazimova, Narmin Nizami qizi"]
[Black "Korbut, Ekaterina"]
[Result "0-1"]
[WhiteElo "2171"]
[BlackElo "2459"]
[PlyCount "100"]
[EventDate "2008.11.13"]
[EventType "team-tourn"]
[EventRounds "11"]
[EventCountry "GER"]
[Source "lmi"]
[SourceDate "2008.11.13"]
[WhiteTeam "Azerbaiyán"]
[BlackTeam "Rusia"]
[WhiteTeamCountry "AZE"]
[BlackTeamCountry "RUS"]

1. c4 c5 2. Nf3 g6 3. d4 cxd4 4. Nxd4 Nc6 5. Nc3 Bg7 6. Nc2 Bxc3+ 7. bxc3 Qa5
8. Bb2 Nf6 9. e3 d6 10. Be2 Be6 11. O-O Ne5 12. Na3 Rc8 13. Qb3 O-O 14. Rad1 a6
15. f4 Ned7 16. Qc2 Bf5 17. Bd3 Bxd3 18. Rxd3 Qf5 19. Qe2 Nc5 20. Rd4 Ne6 21.
Rdd1 Rc5 22. Nb1 Rfc8 23. Na3 Qe4 24. Qf3 R8c7 25. Qxe4 Nxe4 26. Rd5 f5 27.
Rfd1 R5c6 28. Rc1 N6c5 29. Kf1 Na4 30. Ba1 Nb6 31. Rd4 Nxc4 32. Nxc4 Rxc4 33.
Rxc4 Rxc4 34. Ke2 Ra4 35. Rc2 b5 36. Kd3 Kf7 37. Rb2 Ra3 38. Rc2 Ke6 39. h3 Kd5
40. g4 b4 41. Bb2 Nc5+ 42. Ke2 Rxa2 43. cxb4 Na4 44. Rd2+ Kc4 45. Bg7 Rxd2+ 46.
Kxd2 Nb6 47. gxf5 gxf5 48. Ke2 Nd5 49. Kf3 Nxb4 50. e4 e6 0-1

[Event "Olimpiada Dresden 2008 Femenina"]
[Site "Dresden GER"]
[Date "2008.11.13"]
[Round "1.2"]
[White "Pourkashiyan, Atousa"]
[Black "Paehtz, Elisabeth"]
[Result "0-1"]
[WhiteElo "2241"]
[BlackElo "2471"]
[PlyCount "127"]
[EventDate "2008.11.13"]
[EventType "team-tourn"]
[EventRounds "11"]
[EventCountry "GER"]
[Source "lmi"]
[SourceDate "2008.11.13"]
[WhiteTeam "Irán"]
[BlackTeam "Alemania"]
[WhiteTeamCountry "IRI"]
[BlackTeamCountry "GER"]

1. e4 e5 2. Nf3 Nc6 3. Bb5 a6 4. Ba4 Nf6 5. O-O Be7 6. d3 b5 7. Bb3 d6 8. a4
Rb8 9. axb5 axb5 10. Nc3 O-O 11. Nd5 Nxd5 12. exd5 Nd4 13. Nxd4 exd4 14. Bd2
Bd7 15. Ra5 Re8 16. Re1 Bg5 17. Rxe8+ Bxe8 18. Ra7 Bxd2 19. Qxd2 Rc8 20. Qf4
Qe7 21. Qe4 Qxe4 22. dxe4 g5 23. f3 Bd7 24. Ra1 Kg7 25. Rd1 Ra8 26. Kf2 Kf6 27.
Rxd4 Ra1 28. Rd3 Ke5 29. Rc3 Ra7 30. Ke3 f5 31. exf5 Bxf5 32. Kd2 Kd4 33. Re3
Kc5 34. Re7 Kb6 35. Re1 Ra8 36. c3 Rf8 37. Re7 Bg6 38. Bc2 Bxc2 39. Kxc2 g4 40.
fxg4 Rf2+ 41. Kd3 Rxg2 42. h3 h5 43. gxh5 Rg5 44. h6 Rxd5+ 45. Ke4 Rh5 46. h7
c5 47. Kf4 Rxh3 48. Kg5 Ka5 49. b3 d5 50. Ra7+ Kb6 51. Rd7 Ka5 52. Kg6 Rg3+ 53.
Kf7 Rh3 54. Kg8 Rg3+ 55. Rg7 Rh3 56. Rg4 c4 57. b4+ Ka4 58. h8=Q Rxh8+ 59. Kxh8
Kb3 60. Rg3 d4 61. cxd4+ Kxb4 62. Rg5 c3 63. Rc5 Kb3 64. d5 0-1

[Event "Olimpiada Dresden 2008 Femenina"]
[Site "Dresden GER"]
[Date "2008.11.13"]
[Round "1.2"]
[White "Michna, Marta"]
[Black "Paridar, Shadi"]
[Result "0-1"]
[WhiteElo "2399"]
[BlackElo "2248"]
[PlyCount "96"]
[EventDate "2008.11.13"]
[EventType "team-tourn"]
[EventRounds "11"]
[EventCountry "GER"]
[Source "lmi"]
[SourceDate "2008.11.13"]
[WhiteTeam "Alemania"]
[BlackTeam "Irán"]
[WhiteTeamCountry "GER"]
[BlackTeamCountry "IRI"]

1. e4 c6 2. d4 d5 3. Nd2 dxe4 4. Nxe4 Bf5 5. Ng3 Bg6 6. h4 h6 7. Nf3 Nd7 8. h5
Bh7 9. Bd3 Bxd3 10. Qxd3 e6 11. Bf4 Qa5+ 12. Bd2 Bb4 13. c3 Be7 14. c4 Qc7 15.
d5 cxd5 16. cxd5 Qd6 17. Qb5 Ngf6 18. dxe6 Qxe6+ 19. Kf1 O-O 20. Re1 Qd5 21.
Qxd5 Nxd5 22. Nf5 Bf6 23. N3d4 Nc5 24. Rh3 Rfe8 25. Rxe8+ Rxe8 26. Ra3 a6 27.
f3 Rd8 28. b4 Ne6 29. Nxe6 fxe6 30. Ng3 Nb6 31. Be3 Nc4 32. Rb3 Bh4 33. Ne4
Rd1+ 34. Ke2 Re1+ 35. Kd3 Nxe3 36. g3 Be7 37. Kd2 Ng2 38. Nc5 Re5 39. Nxb7 Rxh5
40. a4 Rh3 41. a5 Rxg3 42. b5 axb5 43. a6 Nh4 44. Ra3 Nxf3+ 45. Kd1 Rg1+ 46.
Ke2 Re1+ 47. Kf2 Bxa3 48. a7 Bc5+ 0-1

[Event "Olimpiada Dresden 2008 Femenina"]
[Site "Dresden GER"]
[Date "2008.11.13"]
[Round "1.2"]
[White "Ghader Pour, Shayesteh"]
[Black "Ohme, Melanie"]
[Result "0-1"]
[WhiteElo "2149"]
[BlackElo "2237"]
[PlyCount "110"]
[EventDate "2008.11.13"]
[EventType "team-tourn"]
[EventRounds "11"]
[EventCountry "GER"]
[Source "lmi"]
[SourceDate "2008.11.13"]
[WhiteTeam "Irán"]
[BlackTeam "Alemania"]
[WhiteTeamCountry "IRI"]
[BlackTeamCountry "GER"]

1. d4 Nf6 2. Nf3 g6 3. Nbd2 d5 4. e3 Bg7 5. b4 c6 6. c4 O-O 7. Bb2 Bg4 8. Be2
Nbd7 9. h3 Bxf3 10. Nxf3 Ne4 11. O-O e6 12. Qb3 Re8 13. Rac1 dxc4 14. Rxc4 Nd6
15. Rc2 a5 16. b5 a4 17. Qb4 Nxb5 18. Bxb5 Bf8 19. Qc4 Nb6 20. Qe2 cxb5 21.
Qxb5 Nd5 22. Ba1 b6 23. e4 Ra5 24. Qb2 a3 25. Qb3 Nf6 26. Re1 Nd7 27. Rec1 b5
28. d5 e5 29. Rc6 Ra4 30. Qxb5 Rxe4 31. d6 Qb8 32. Qd5 Nf6 33. Qd3 Rd8 34. Ng5
Rf4 35. Bxe5 Rf5 36. f4 Nd7 37. Nf3 Bh6 38. R1c4 Nxe5 39. fxe5 Qa7+ 40. Kh1 Rf4
41. Rc8 Qa5 42. R4c5 Rxf3 43. Qxf3 Qe1+ 44. Kh2 Be3 45. Rc1 Bxc1 46. Rxd8+ Kg7
47. Rd7 Qxe5+ 48. g3 Kh6 49. h4 f5 50. Kh3 Qe6 51. Rc7 Bd2 52. d7 Qd6 53. Ra7
Bc1 54. Qa8 f4 55. d8=N Qd3 0-1

[Event "Olimpiada Dresden 2008 Femenina"]
[Site "Dresden GER"]
[Date "2008.11.13"]
[Round "1.2"]
[White "Hoolt, Sarah"]
[Black "Salman Mahini, Mona"]
[Result "0-1"]
[WhiteElo "2274"]
[BlackElo "2113"]
[PlyCount "144"]
[EventDate "2008.11.13"]
[EventType "team-tourn"]
[EventRounds "11"]
[EventCountry "GER"]
[Source "lmi"]
[SourceDate "2008.11.13"]
[WhiteTeam "Alemania"]
[BlackTeam "Irán"]
[WhiteTeamCountry "GER"]
[BlackTeamCountry "IRI"]

1. Nf3 d5 2. g3 c6 3. Bg2 Bg4 4. d3 Nf6 5. h3 Bxf3 6. Bxf3 e6 7. Nd2 Nbd7 8. e4
Qc7 9. Qe2 Bd6 10. Bg2 Rd8 11. O-O h5 12. d4 dxe4 13. Nxe4 Nxe4 14. Qxe4 h4 15.
Bg5 Be7 16. Bxe7 Kxe7 17. Qe3 Nf6 18. g4 b6 19. c4 Rd7 20. Rad1 Rhd8 21. Rd2 c5
22. d5 Kf8 23. Rfd1 exd5 24. cxd5 Nh7 25. f4 Nf6 26. Qf2 Kg8 27. g5 Ne8 28. Re2
Nd6 29. Rde1 g6 30. Qxh4 Kg7 31. Qh6+ Kg8 32. f5 gxf5 33. Qf6 Rf8 34. Re5 c4
35. Kh1 Qc5 36. R5e3 Qc7 37. h4 Ne4 38. Bxe4 fxe4 39. Rxe4 Rxd5 40. g6 fxg6 41.
Re8 Qf7 42. Rxf8+ Qxf8 43. Qxg6+ Kh8 44. Re8 Rd1+ 45. Kg2 Rd2+ 46. Kh3 Rd3+ 47.
Qxd3 Qxe8 48. Qxc4 Qd7+ 49. Kg3 Qg7+ 50. Kf4 Qxb2 51. Kf5 Qf2+ 52. Ke6 b5 53.
Qd5 Qxh4 54. Qa8+ Kg7 55. Qxa7+ Kh6 56. Qe3+ Qg5 57. Qh3+ Kg6 58. Qd3+ Kg7 59.
Qc3+ Kg6 60. Qc2+ Kg7 61. Qc7+ Kh6 62. Qh2+ Kg6 63. Kd6 b4 64. Qc2+ Qf5 65.
Qg2+ Qg5 66. Qe4+ Qf5 67. Qc4 Qf6+ 68. Kc5 Qf8+ 69. Kb5 Qb8+ 70. Ka4 Kf6 71.
Qxb4 Qxb4+ 72. Kxb4 Ke5 0-1

[Event "Olimpiada Dresden 2008 Femenina"]
[Site "Dresden GER"]
[Date "2008.11.13"]
[Round "1.3"]
[White "Lujan, Carolina"]
[Black "Lahno, Kateryna"]
[Result "1/2-1/2"]
[WhiteElo "2366"]
[BlackElo "2488"]
[PlyCount "79"]
[EventDate "2008.11.13"]
[EventType "team-tourn"]
[EventRounds "11"]
[EventCountry "GER"]
[Source "lmi"]
[SourceDate "2008.11.13"]
[WhiteTeam "Argentina"]
[BlackTeam "Ucrania"]
[WhiteTeamCountry "ARG"]
[BlackTeamCountry "UKR"]

1. e4 e5 2. Nf3 Nc6 3. Bc4 Bc5 4. c3 Nf6 5. d3 a6 6. Nbd2 d6 7. Bb3 O-O 8. Nf1
d5 9. Qe2 dxe4 10. dxe4 Ng4 11. Ne3 Na5 12. Nxg4 Bxg4 13. Bc2 Nc6 14. h3 Be6
15. Ng5 Bd7 16. O-O h6 17. Nf3 Qf6 18. b4 Bb6 19. Nh2 Rad8 20. Qf3 Qxf3 21.
Nxf3 Be6 22. a4 f6 23. Ba3 Rfe8 24. Rfd1 Bc4 25. Rxd8 Rxd8 26. Rd1 Rxd1+ 27.
Bxd1 Nd8 28. Nd2 Bf7 29. g3 Ba7 30. Kg2 Ne6 31. h4 Kf8 32. Nb3 Ke8 33. Na5 Nd8
34. Be2 Bb6 35. Nc4 Ba7 36. Na5 Bg6 37. Bf3 Bb6 38. Nc4 Ba7 39. Na5 Bb6 40. Nc4
1/2-1/2

[Event "Olimpiada Dresden 2008 Femenina"]
[Site "Dresden GER"]
[Date "2008.11.13"]
[Round "1.3"]
[White "Zhukova, Natalia"]
[Black "Amura, Claudia"]
[Result "1/2-1/2"]
[WhiteElo "2488"]
[BlackElo "2344"]
[PlyCount "86"]
[EventDate "2008.11.13"]
[EventType "team-tourn"]
[EventRounds "11"]
[EventCountry "GER"]
[Source "lmi"]
[SourceDate "2008.11.13"]
[WhiteTeam "Ucrania"]
[BlackTeam "Argentina"]
[WhiteTeamCountry "UKR"]
[BlackTeamCountry "ARG"]

1. c4 e6 2. d4 d5 3. Nc3 Be7 4. Nf3 Nf6 5. Qc2 O-O 6. Bg5 a6 7. e3 Nbd7 8. Rd1
b6 9. Bd3 Bb7 10. O-O h6 11. Bh4 Rc8 12. cxd5 Nxd5 13. Bxe7 Nxe7 14. Qe2 a5 15.
Bb5 c6 16. Bd3 Qc7 17. e4 e5 18. dxe5 Nxe5 19. Nxe5 Qxe5 20. f4 Qc5+ 21. Kh1
Rcd8 22. e5 Nd5 23. Nxd5 cxd5 24. f5 f6 25. e6 Rfe8 26. Rd2 d4 27. Be4 Bxe4 28.
Qxe4 Rd5 29. h3 Red8 30. Qd3 Re5 31. Rc2 Qd5 32. Qg3 Rxf5 33. Rxf5 Qxf5 34. Rc7
Qg5 35. Qb3 Kh7 36. e7 Re8 37. Qd3+ f5 38. Qxd4 Rxe7 39. Rxe7 Qxe7 40. Qxb6
Qe1+ 41. Kh2 Qe5+ 42. Kh1 Qe1+ 43. Kh2 Qe5+ 1/2-1/2

[Event "Olimpiada Dresden 2008 Femenina"]
[Site "Dresden GER"]
[Date "2008.11.13"]
[Round "1.3"]
[White "Zuriel, Marisa"]
[Black "Ushenina, Anna"]
[Result "1/2-1/2"]
[WhiteElo "2189"]
[BlackElo "2496"]
[PlyCount "79"]
[EventDate "2008.11.13"]
[EventType "team-tourn"]
[EventRounds "11"]
[EventCountry "GER"]
[Source "lmi"]
[SourceDate "2008.11.13"]
[WhiteTeam "Argentina"]
[BlackTeam "Ucrania"]
[WhiteTeamCountry "ARG"]
[BlackTeamCountry "UKR"]

1. e4 c6 2. d4 d5 3. e5 c5 4. dxc5 Nc6 5. Bb5 e6 6. Be3 Nge7 7. c3 Bd7 8. Bxc6
Bxc6 9. Nf3 Nf5 10. Bd4 Nxd4 11. Qxd4 Qc7 12. b4 b6 13. cxb6 axb6 14. O-O Be7
15. Qg4 O-O 16. Nd4 Bd7 17. Re1 Rfc8 18. h4 Qc4 19. a3 f5 20. Qf4 Kh8 21. Re3
Ra4 22. Nd2 Qa6 23. Nc2 Qa8 24. Kh2 h6 25. Rh3 Ra7 26. Qd4 Rac7 27. f4 Ba4 28.
Ne1 Qa7 29. h5 Be8 30. Nc2 Qa4 31. Rc1 Qa6 32. Ra1 Qa4 33. Rc1 Qa7 34. Ra1 Rc6
35. Ne1 Qc7 36. Rc1 Ra8 37. Ra1 Ra4 38. Nc2 Ra8 39. Ne1 Qc8 40. Nc2 1/2-1/2

[Event "Olimpiada Dresden 2008 Femenina"]
[Site "Dresden GER"]
[Date "2008.11.13"]
[Round "1.3"]
[White "Gaponenko, Inna"]
[Black "Plazaola, Maria De Los Angele"]
[Result "1/2-1/2"]
[WhiteElo "2473"]
[BlackElo "2126"]
[PlyCount "82"]
[EventDate "2008.11.13"]
[EventType "team-tourn"]
[EventRounds "11"]
[EventCountry "GER"]
[Source "lmi"]
[SourceDate "2008.11.13"]
[WhiteTeam "Ucrania"]
[BlackTeam "Argentina"]
[WhiteTeamCountry "UKR"]
[BlackTeamCountry "ARG"]

1. e4 c5 2. Nf3 Nc6 3. c3 d5 4. exd5 Qxd5 5. d4 Bg4 6. Be2 e6 7. h3 Bh5 8. c4
Qd7 9. g4 Bg6 10. d5 exd5 11. cxd5 Nb4 12. Nc3 O-O-O 13. Ne5 Qe8 14. Nxg6 hxg6
15. Be3 Nf6 16. Bf3 Bd6 17. Qe2 Be5 18. O-O-O Bxc3 19. bxc3 Nbxd5 20. Qc4 Nxe3
21. Qxc5+ Kb8 22. Rxd8+ Qxd8 23. Qxe3 Qc7 24. Rd1 Rxh3 25. g5 Nd7 26. Qe8+ Qc8
27. Qxc8+ Kxc8 28. Bxb7+ Kc7 29. Kc2 Rh5 30. Bd5 Rxg5 31. Bxf7 Rf5 32. Bxg6
Rxf2+ 33. Kb3 Nc5+ 34. Kc4 Nd7 35. Bb1 g5 36. Rg1 g4 37. Kd4 Rf4+ 38. Kd5 Rf3
39. Kd4 Rf4+ 40. Kd5 Rf3 41. Kd4 Rf4+ 1/2-1/2

[Event "Olimpiada Dresden 2008 Femenina"]
[Site "Dresden GER"]
[Date "2008.11.13"]
[Round "1.4"]
[White "Hou, Yifan"]
[Black "Golubenko, Valentina"]
[Result "1-0"]
[WhiteElo "2578"]
[BlackElo "2273"]
[PlyCount "57"]
[EventDate "2008.11.13"]
[EventType "team-tourn"]
[EventRounds "11"]
[EventCountry "GER"]
[Source "lmi"]
[SourceDate "2008.11.13"]
[WhiteTeam "China"]
[BlackTeam "Croacia"]
[WhiteTeamCountry "CHN"]
[BlackTeamCountry "CRO"]

1. e4 e6 2. d4 d5 3. Nc3 Bb4 4. e5 c5 5. a3 Bxc3+ 6. bxc3 Ne7 7. h4 Qc7 8. Nf3
Nbc6 9. h5 h6 10. Bd3 Bd7 11. O-O O-O-O 12. a4 Nf5 13. Ba3 f6 14. Bxc5 fxe5 15.
dxe5 Qa5 16. Bd4 g6 17. hxg6 Rhg8 18. Bxf5 exf5 19. Nh4 Ne7 20. e6 Bxe6 21. Qe2
Rd6 22. Qe5 Rc6 23. g7 Qc7 24. Qf6 f4 25. Rfe1 Qd7 26. Nf3 Ra6 27. Ne5 Qc7 28.
Ng6 Nxg6 29. Rxe6 1-0

[Event "Olimpiada Dresden 2008 Femenina"]
[Site "Dresden GER"]
[Date "2008.11.13"]
[Round "1.4"]
[White "Medic, Mirjana"]
[Black "Zhao, Xue"]
[Result "0-1"]
[WhiteElo "2281"]
[BlackElo "2518"]
[PlyCount "54"]
[EventDate "2008.11.13"]
[EventType "team-tourn"]
[EventRounds "11"]
[EventCountry "GER"]
[Source "lmi"]
[SourceDate "2008.11.13"]
[WhiteTeam "Croacia"]
[BlackTeam "China"]
[WhiteTeamCountry "CRO"]
[BlackTeamCountry "CHN"]

1. d4 Nf6 2. c4 e6 3. Nc3 Bb4 4. Qc2 c5 5. dxc5 O-O 6. a3 Bxc5 7. Nf3 b6 8. Bf4
Bb7 9. Rd1 Nc6 10. e3 Nh5 11. Bd6 Bxd6 12. Rxd6 Qe7 13. Qd1 Nf6 14. Be2 Rfd8
15. O-O Rac8 16. b4 Nb8 17. Qd2 Bd5 18. Nxd5 Nxd5 19. Rxd5 exd5 20. Qxd5 a5 21.
Bd3 axb4 22. axb4 Nc6 23. Bxh7+ Kxh7 24. Qh5+ Kg8 25. Ng5 Qf6 26. Qh7+ Kf8 27.
f4 Qg6 0-1

[Event "Olimpiada Dresden 2008 Femenina"]
[Site "Dresden GER"]
[Date "2008.11.13"]
[Round "1.4"]
[White "Shen, Yang"]
[Black "Franciskovic, Borka"]
[Result "1-0"]
[WhiteElo "2450"]
[BlackElo "2275"]
[PlyCount "131"]
[EventDate "2008.11.13"]
[EventType "team-tourn"]
[EventRounds "11"]
[EventCountry "GER"]
[Source "lmi"]
[SourceDate "2008.11.13"]
[WhiteTeam "China"]
[BlackTeam "Croacia"]
[WhiteTeamCountry "CHN"]
[BlackTeamCountry "CRO"]

1. d4 Nf6 2. c4 e6 3. Nc3 Bb4 4. Qc2 c5 5. dxc5 Bxc5 6. Nf3 Qb6 7. e3 Qc7 8.
Be2 a6 9. O-O b6 10. a3 Bb7 11. b4 Be7 12. Bb2 O-O 13. Ng5 d6 14. f4 Nbd7 15.
Rac1 h6 16. Nh3 Rac8 17. Qd3 Qb8 18. Nf2 Rfd8 19. e4 d5 20. cxd5 Qxf4 21. dxe6
fxe6 22. Qh3 Nf8 23. Nd3 Qd2 24. Rfd1 Qg5 25. e5 Nd5 26. Nxd5 Bxd5 27. Bd4 Nd7
28. Rxc8 Rxc8 29. Be3 Qh4 30. Qxh4 Bxh4 31. Nf4 Nxe5 32. Nxd5 exd5 33. Rxd5 Nc4
34. Bxc4 Rxc4 35. g3 Bg5 36. Bxb6 Rc3 37. Ra5 Bc1 38. a4 Rb3 39. b5 axb5 40.
Rxb5 Be3+ 41. Bxe3 Rxe3 42. Kg2 Ra3 43. a5 Kh7 44. h4 Kg6 45. h5+ Kf6 46. Kh3
Ra1 47. Rb6+ Kf5 48. a6 Rh1+ 49. Kg2 Ra1 50. Rg6 Ra2+ 51. Kf3 Ke5 52. Ke3 Ra3+
53. Kd2 Kd4 54. Kc2 Kc4 55. g4 Ra2+ 56. Kb1 Ra4 57. Rxg7 Rxa6 58. Rg6 Ra3 59.
Rxh6 Rg3 60. Rg6 Kc3 61. h6 Rg1+ 62. Ka2 Rg2+ 63. Ka3 Rh2 64. g5 Kd4 65. Rg7
Ke5 66. Kb4 1-0

[Event "Olimpiada Dresden 2008 Femenina"]
[Site "Dresden GER"]
[Date "2008.11.13"]
[Round "1.4"]
[White "Jelica, Mara"]
[Black "Ju, Wenjun"]
[Result "1/2-1/2"]
[WhiteElo "2205"]
[BlackElo "2397"]
[PlyCount "131"]
[EventDate "2008.11.13"]
[EventType "team-tourn"]
[EventRounds "11"]
[EventCountry "GER"]
[Source "lmi"]
[SourceDate "2008.11.13"]
[WhiteTeam "Croacia"]
[BlackTeam "China"]
[WhiteTeamCountry "CRO"]
[BlackTeamCountry "CHN"]

1. e4 c5 2. Nf3 d6 3. d4 cxd4 4. Nxd4 Nf6 5. Nc3 a6 6. Bg5 e6 7. Qd2 Nc6 8. f4
Bd7 9. Nf3 Qa5 10. O-O-O O-O-O 11. Kb1 Qc7 12. Be2 Be7 13. Rhe1 Rhe8 14. h3 h6
15. Bh4 Nb8 16. Bxf6 Bxf6 17. Qxd6 Qa5 18. e5 Bc6 19. Qa3 Qxa3 20. bxa3 Be7 21.
Kb2 Bc5 22. Rf1 Nd7 23. Ne1 Nb6 24. Kb3 g6 25. Rxd8+ Rxd8 26. Bf3 Kc7 27. Nd3
Be7 28. a4 Rd4 29. Bxc6 bxc6 30. a3 Nc4 31. Rf2 Nxa3 32. Ne2 Rd8 33. Nc3 Rd4
34. Ne2 Rd8 35. Nc3 Rb8+ 36. Ka2 Nc4 37. g4 Kd7 38. Ne4 a5 39. Nec5+ Bxc5 40.
Nxc5+ Ke7 41. c3 g5 42. fxg5 hxg5 43. Re2 Rd8 44. Kb3 Nd2+ 45. Kc2 Rd5 46. Nd3
Nc4 47. Re4 Nb6 48. Ne1 c5 49. Nf3 f6 50. exf6+ Kxf6 51. h4 gxh4 52. Nxh4 Re5
53. Rxe5 Kxe5 54. Ng6+ Kf6 55. Nf4 Nxa4 56. g5+ Ke7 57. g6 Nb6 58. g7 Kf7 59.
Nxe6 c4 60. Kb2 Nd5 61. Nd8+ Kxg7 62. Nc6 a4 63. Na5 Nxc3 64. Kxc3 Kf6 65. Nxc4
a3 66. Nxa3 1/2-1/2

[Event "Olimpiada Dresden 2008 Femenina"]
[Site "Dresden GER"]
[Date "2008.11.13"]
[Round "1.5"]
[White "Houska, Jovanka"]
[Black "Dzagnidze, Nana"]
[Result "1/2-1/2"]
[WhiteElo "2399"]
[BlackElo "2503"]
[PlyCount "93"]
[EventDate "2008.11.13"]
[EventType "team-tourn"]
[EventRounds "11"]
[EventCountry "GER"]
[Source "lmi"]
[SourceDate "2008.11.13"]
[WhiteTeam "Inglaterra"]
[BlackTeam "Georgia"]
[WhiteTeamCountry "ENG"]
[BlackTeamCountry "GEO"]

1. d4 Nf6 2. Nf3 e6 3. c4 b6 4. g3 Ba6 5. b3 Bb4+ 6. Bd2 Be7 7. Bg2 c6 8. O-O
d5 9. Ne5 Nfd7 10. Nxd7 Nxd7 11. Bc3 O-O 12. Nd2 f5 13. a4 Bd6 14. Qc2 Qe7 15.
Qb2 Nf6 16. a5 b5 17. c5 Bc7 18. b4 Bc8 19. Nf3 Ne4 20. Ne5 Bxe5 21. dxe5 Nxc3
22. Qxc3 f4 23. e4 Bd7 24. Rae1 Rad8 25. Bh3 Be8 26. exd5 exd5 27. Qd4 Bg6 28.
e6 Bf5 29. Bxf5 Rxf5 30. Re2 Qf6 31. Qd3 Re5 32. Rfe1 Rxe2 33. Qxe2 Re8 34. e7
f3 35. Qe6+ Qxe6 36. Rxe6 Kf7 37. Re3 Rxe7 38. Rxf3+ Ke6 39. Kf1 Ke5 40. Re3+
Kf6 41. Rf3+ Ke5 42. Re3+ Kf6 43. Rf3+ Ke6 44. Ke2 Rf7 45. Rxf7 Kxf7 46. f4 h5
47. h3 1/2-1/2

[Event "Olimpiada Dresden 2008 Femenina"]
[Site "Dresden GER"]
[Date "2008.11.13"]
[Round "1.5"]
[White "Lauterbach, Ingrid"]
[Black "Lomineishvili, Maia"]
[Result "0-1"]
[WhiteElo "2178"]
[BlackElo "2437"]
[PlyCount "118"]
[EventDate "2008.11.13"]
[EventType "team-tourn"]
[EventRounds "11"]
[EventCountry "GER"]
[Source "lmi"]
[SourceDate "2008.11.13"]
[WhiteTeam "Inglaterra"]
[BlackTeam "Georgia"]
[WhiteTeamCountry "ENG"]
[BlackTeamCountry "GEO"]

1. Nf3 Nf6 2. c4 e6 3. g3 d5 4. b3 c5 5. Bg2 Nc6 6. O-O d4 7. d3 e5 8. a3 a5 9.
a4 Bd6 10. Na3 O-O 11. Nb5 Bg4 12. h3 Bh5 13. Nh4 Re8 14. g4 Bg6 15. e3 dxe3
16. fxe3 Bf8 17. Nxg6 hxg6 18. Bb2 Nb4 19. Bc3 Qd7 20. Qe2 e4 21. d4 Nd3 22. d5
Ne5 23. Rad1 Bd6 24. Ba1 Re7 25. Kh1 Rae8 26. Qe1 Nf3 27. Qf2 Nh7 28. Bxf3 exf3
29. Nxd6 Qxd6 30. Qxf3 Ng5 31. Qf4 Ne4 32. Rf3 Qb6 33. Rd3 Nd6 34. Rf1 Re4 35.
Qf3 Qc7 36. Bc3 b6 37. Be1 Qe7 38. Bg3 f6 39. Kg2 Nf7 40. Bf4 Qd7 41. Qg3 g5
42. Bc7 R8e7 43. Bxb6 Ne5 44. Rc3 Qd6 45. Bxa5 Ra7 46. Qe1 Rxa5 47. Qb1 Nxg4
48. hxg4 Rxg4+ 49. Kf3 Qg3+ 50. Ke2 Qe5 51. Rcc1 Re4 52. Qd3 Ra8 53. Rf3 Re8
54. Rg1 g4 55. Rfg3 f5 56. Kd2 f4 57. Rxg4 fxe3+ 58. Ke1 Qa1+ 59. Ke2 Qb2+ 0-1

[Event "Olimpiada Dresden 2008 Femenina"]
[Site "Dresden GER"]
[Date "2008.11.13"]
[Round "1.5"]
[White "Khukhashvili, Sopiko"]
[Black "Grigoryan-Lyell, Meri"]
[Result "1-0"]
[WhiteElo "2409"]
[BlackElo "2076"]
[PlyCount "67"]
[EventDate "2008.11.13"]
[EventType "team-tourn"]
[EventRounds "11"]
[EventCountry "GER"]
[Source "lmi"]
[SourceDate "2008.11.13"]
[WhiteTeam "Georgia"]
[BlackTeam "Inglaterra"]
[WhiteTeamCountry "GEO"]
[BlackTeamCountry "ENG"]

1. e4 c6 2. d4 d5 3. exd5 cxd5 4. c4 Nf6 5. Nc3 g6 6. Qb3 Bg7 7. cxd5 O-O 8.
Nge2 Re8 9. g3 Nbd7 10. Bg2 Nb6 11. O-O Bg4 12. Nf4 h6 13. a4 a5 14. h3 Bf5 15.
g4 Bc8 16. Rd1 g5 17. Nfe2 Ra6 18. Be3 Na8 19. Nb5 Bd7 20. Nec3 Bxb5 21. Nxb5
Nc7 22. d6 exd6 23. Rac1 Nxb5 24. axb5 Ra7 25. b6 Ra6 26. Rc7 d5 27. Rdc1 Bf8
28. Bf1 a4 29. Qb5 Re6 30. Rxb7 Rexb6 31. Qxa6 Rxa6 32. Bxa6 Bd6 33. Bd3 Bb8
34. Bf5 1-0

[Event "Olimpiada Dresden 2008 Femenina"]
[Site "Dresden GER"]
[Date "2008.11.13"]
[Round "1.6"]
[White "Smokina, Karolina"]
[Black "Collas, Silvia"]
[Result "1/2-1/2"]
[WhiteElo "2235"]
[BlackElo "2352"]
[PlyCount "61"]
[EventDate "2008.11.13"]
[EventType "team-tourn"]
[EventRounds "11"]
[EventCountry "GER"]
[Source "lmi"]
[SourceDate "2008.11.13"]
[WhiteTeam "Moldavia"]
[BlackTeam "Francia"]
[WhiteTeamCountry "MDA"]
[BlackTeamCountry "FRA"]

1. d4 Nf6 2. c4 e6 3. Nc3 Bb4 4. Qc2 c5 5. Nf3 cxd4 6. Nxd4 Nc6 7. Nxc6 dxc6 8.
a3 Be7 9. Bf4 Qa5 10. Rd1 e5 11. Bc1 Be6 12. e3 O-O 13. b4 Qc7 14. Be2 Nd7 15.
e4 Rfd8 16. Nd5 cxd5 17. exd5 Nf8 18. dxe6 Nxe6 19. Bd3 e4 20. Bxe4 Rxd1+ 21.
Qxd1 Qxc4 22. Bd3 Qc3+ 23. Qd2 Qe5+ 24. Qe2 Qc3+ 25. Qd2 Qe5+ 26. Qe2 Qc3+ 27.
Qd2 Qe5+ 28. Qe2 Qc3+ 29. Qd2 Qe5+ 30. Qe2 Qc3+ 31. Qd2 1/2-1/2

[Event "Olimpiada Dresden 2008 Femenina"]
[Site "Dresden GER"]
[Date "2008.11.13"]
[Round "1.6"]
[White "Milliet, Sophie"]
[Black "Partac, Elena"]
[Result "1-0"]
[WhiteElo "2366"]
[BlackElo "2168"]
[PlyCount "55"]
[EventDate "2008.11.13"]
[EventType "team-tourn"]
[EventRounds "11"]
[EventCountry "GER"]
[Source "lmi"]
[SourceDate "2008.11.13"]
[WhiteTeam "Francia"]
[BlackTeam "Moldavia"]
[WhiteTeamCountry "FRA"]
[BlackTeamCountry "MDA"]

1. e4 c5 2. Nc3 Nc6 3. Bb5 Nd4 4. Bc4 g6 5. Nf3 Bg7 6. Nxd4 cxd4 7. Qf3 Nf6 8.
Nb5 O-O 9. Nxd4 Qc7 10. d3 d5 11. exd5 Qe5+ 12. Be3 Rd8 13. O-O Nxd5 14. c3 e6
15. Nb5 a6 16. Bxd5 Rxd5 17. d4 Qf5 18. Nc7 Qxf3 19. gxf3 Ra7 20. Nxd5 exd5 21.
c4 dxc4 22. Rfc1 b5 23. a4 Re7 24. axb5 axb5 25. b3 Rc7 26. Ra8 g5 27. d5 Be5
28. Bb6 1-0

[Event "Olimpiada Dresden 2008 Femenina"]
[Site "Dresden GER"]
[Date "2008.11.13"]
[Round "1.7"]
[White "Sedina, Elena"]
[Black "Danielian, Elina"]
[Result "1/2-1/2"]
[WhiteElo "2365"]
[BlackElo "2513"]
[PlyCount "81"]
[EventDate "2008.11.13"]
[EventType "team-tourn"]
[EventRounds "11"]
[EventCountry "GER"]
[Source "lmi"]
[SourceDate "2008.11.13"]
[WhiteTeam "Italia"]
[BlackTeam "Armenia"]
[WhiteTeamCountry "ITA"]
[BlackTeamCountry "ARM"]

1. e4 c6 2. c4 d5 3. exd5 cxd5 4. d4 Nf6 5. Nc3 e6 6. Nf3 Bb4 7. Bd3 O-O 8. O-O
dxc4 9. Bxc4 Nc6 10. Bg5 Be7 11. Re1 b6 12. a3 Bb7 13. Ba2 Nd5 14. Qd2 Nxc3 15.
bxc3 Rc8 16. h4 Bf6 17. Rad1 Na5 18. Bxf6 Qxf6 19. Ng5 Rfe8 20. Qd3 g6 21. c4
Red8 22. d5 b5 23. Qb1 exd5 24. Qxb5 Qb6 25. Qxb6 axb6 26. cxd5 Rc2 27. Bb1 Rc3
28. d6 h6 29. d7 Bc6 30. Ne4 Rxa3 31. Nf6+ Kg7 32. Rd6 Rc3 33. Ba2 Nb7 34. Ne8+
Kf8 35. Rxc6 Rxc6 36. Bd5 Na5 37. Bxc6 Nxc6 38. Nf6 Kg7 39. Ne8+ Kf8 40. Nf6
Kg7 41. Ne8+ 1/2-1/2